[Event "Quebec op"]
[Site "Montreal CAN"]
[Date "2004.07.22"]
[Round "6"]
[White "Cazelais, Marc"]
[Black "Moskvitch, Andrei"]
[Result "1-0"]
[WhiteElo "2133"]
[BlackElo "2179"]
[PlyCount "133"]
[GameId "2160767911095106"]
[EventDate "2004.07.17"]
[EventType "swiss"]
[EventRounds "9"]
[EventCountry "CAN"]
[SourceTitle "CBM 101 Extra"]
[Source "ChessBase"]
[SourceDate "2004.09.01"]
[SourceVersion "2"]
[SourceVersionDate "2004.09.01"]
[SourceQuality "1"]

1. e4 c5 2. c3 Nf6 3. e5 Nd5 4. d4 cxd4 5. Nf3 Nc6 6. Bc4 Nb6 7. Bb3 d5 8. exd6 Qxd6 9. O-O Be6 10. Bxe6 Qxe6 11. Nxd4 Nxd4 12. Qxd4 Rd8 13. Qh4 Qe2 14. Be3 Qxb2 15. Nd2 Rxd2 16. Rab1 Qxa2 17. Bxd2 Qxd2 18. Rfd1 Qc2 19. Qf4 f6 20. Qb8+ Kf7 21. Qxa7 Nd5 22. Rdc1 Qe4 23. Qxb7 Nxc3 24. Rxc3 Qxb7 25. Rxb7 g5 26. Rc8 Bg7 27. Rxh8 Bxh8 28. g4 Bg7 29. Kg2 Bf8 30. Kf3 Kg6 31. Ke4 e6 32. f3 Bg7 33. h3 f5+ 34. Kd3 h6 35. Kc4 Bf8 36. Kb5 fxg4 37. fxg4 h5 38. Kc6 hxg4 39. hxg4 Kf6 40. Rb5 Ba3 41. Kd7 Bc1 42. Rb1 Bd2 43. Rb2 Bc3 44. Re2 e5 45. Rf2+ Kg6 46. Ke6 Be1 47. Rf6+ Kg7 48. Rf5 e4 49. Re5 Kg6 50. Rxe4 Bf2 51. Ra4 Be1 52. Ra6 Bc3 53. Kd5+ Kf7 54. Ke4 Bd2 55. Kf5 Be3 56. Rf6+ Kg7 57. Re6 Bc1 58. Re7+ Kf8 59. Rb7 Bf4 60. Kf6 Ke8 61. Ra7 Bd2 62. Ra8+ Kd7 63. Rg8 Be3 64. Rxg5 Bxg5+ 65. Kxg5 Ke7 66. Kg6 Kf8 67. Kh7 1-0

[Event "Quebec op"]
[Site "Montreal CAN"]
[Date "2004.07.22"]
[Round "6"]
[White "Garcia, Gildardo"]
[Black "McDonough, Jonathan"]
[Result "1-0"]
[WhiteElo "2461"]
[BlackElo "2184"]
[PlyCount "79"]
[GameId "2160767911095107"]
[EventDate "2004.07.17"]
[EventType "swiss"]
[EventRounds "9"]
[EventCountry "CAN"]
[SourceTitle "CBM 101 Extra"]
[Source "ChessBase"]
[SourceDate "2004.09.01"]
[SourceVersion "2"]
[SourceVersionDate "2004.09.01"]
[SourceQuality "1"]

1. e4 e6 2. d3 d5 3. Qe2 dxe4 4. dxe4 b6 5. c3 Ba6 6. Qc2 Bxf1 7. Kxf1 Nf6 8. Nf3 Qc8 9. g3 Qb7 10. Nbd2 Nbd7 11. Kg2 Be7 12. Re1 O-O 13. e5 Ng4 14. Qe4 Qxe4 15. Rxe4 Nh6 16. Nb3 Nf5 17. g4 Nh6 18. Bxh6 gxh6 19. Rd1 Rfd8 20. Red4 Nf8 21. Rxd8 Rxd8 22. Rxd8 Bxd8 23. Nbd4 a6 24. Nc6 Bg5 25. Ne1 Ng6 26. Kf3 Kf8 27. Nd3 Ke8 28. Ke4 Bd8 29. b4 Ne7 30. Nb8 a5 31. bxa5 bxa5 32. c4 c6 33. f4 Bb6 34. f5 Ba7 35. Na6 h5 36. f6 Ng8 37. g5 h4 38. h3 h6 39. Nc7+ Kf8 40. g6 1-0

[Event "Quebec op"]
[Site "Montreal CAN"]
[Date "2004.07.22"]
[Round "6"]
[White "Gravel, Simon M"]
[Black "Moisan-Plante, Marc-Olivier"]
[Result "1-0"]
[WhiteElo "2256"]
[BlackElo "2164"]
[PlyCount "51"]
[GameId "2160767911095108"]
[EventDate "2004.07.17"]
[EventType "swiss"]
[EventRounds "9"]
[EventCountry "CAN"]
[SourceTitle "CBM 101 Extra"]
[Source "ChessBase"]
[SourceDate "2004.09.01"]
[SourceVersion "2"]
[SourceVersionDate "2004.09.01"]
[SourceQuality "1"]

1. c4 e5 2. Nc3 Nf6 3. Nf3 Nc6 4. e3 Be7 5. d4 exd4 6. exd4 d5 7. cxd5 Nxd5 8. Bb5 O-O 9. O-O Qd6 10. Re1 Nxc3 11. bxc3 Rd8 12. Ng5 Bf5 13. Qf3 Bg6 14. Bf4 Qf6 15. Ne4 Bxe4 16. Qxe4 Bd6 17. Bd2 Qg6 18. Qf3 Qc2 19. Bg5 f6 20. Bc4+ Kh8 21. Bd3 Qxc3 22. Qf5 Kg8 23. Qxh7+ Kf8 24. Bg6 Qc4 25. Bxf6 Rd7 26. Bf5 1-0

[Event "Quebec op"]
[Site "Montreal CAN"]
[Date "2004.07.22"]
[Round "6"]
[White "Hebert, Pierre"]
[Black "Morin, Daniel"]
[Result "1/2-1/2"]
[WhiteElo "1500"]
[BlackElo "1407"]
[PlyCount "109"]
[GameId "2160767911095110"]
[EventDate "2004.07.17"]
[EventType "swiss"]
[EventRounds "9"]
[EventCountry "CAN"]
[SourceTitle "EXT 2009"]
[Source "ChessBase"]
[SourceDate "2008.11.26"]
[SourceVersion "1"]
[SourceVersionDate "2008.11.26"]
[SourceQuality "1"]

1. d4 Nf6 2. c4 e6 3. Nc3 Bb4 4. Bg5 h6 5. Bxf6 Qxf6 6. Nf3 b6 7. g3 Bb7 8. Bg2 O-O 9. O-O Bxc3 10. bxc3 d6 11. Re1 Nd7 12. e4 Qd8 13. Qc2 c6 14. Re3 Qc7 15. Rae1 Rad8 16. e5 d5 17. Nd2 Ba6 18. Bf1 Rde8 19. f4 f5 20. cxd5 Bxf1 21. d6 Qb7 22. Rxf1 c5 23. Qb3 Kf7 24. Qd1 Kg6 25. g4 Qd5 26. Rg3 Kh7 27. Nb3 cxd4 28. Qxd4 Qb5 29. g5 Qe2 30. g6+ Kg8 31. Qf2 Qxf2+ 32. Rxf2 Rc8 33. Rd3 Rc4 34. Rff3 Rd8 35. Rd4 Rdc8 36. Rxc4 Rxc4 37. Kf2 Kf8 38. Kg3 Ra4 39. Rf2 Rc4 40. Kf3 Rxc3+ 41. Kg2 Ke8 42. Rd2 Rc4 43. Kf3 Rc3+ 44. Ke2 Rc4 45. Ke3 Rc3+ 46. Rd3 Rxd3+ 47. Kxd3 Nf8 48. Nd4 Kd7 49. Kc4 Nxg6 50. Kb5 Nxf4 51. Nc6 Nd5 52. Nb8+ Kd8 53. Nc6+ Kd7 54. Nb8+ Kd8 55. Nc6+ 1/2-1/2

[Event "Quebec op"]
[Site "Montreal CAN"]
[Date "2004.07.22"]
[Round "6"]
[White "Milicevic, Goran"]
[Black "Barbeau, Sylvain"]
[Result "0-1"]
[WhiteElo "2271"]
[BlackElo "2404"]
[PlyCount "68"]
[GameId "2160767911095114"]
[EventDate "2004.07.17"]
[EventType "swiss"]
[EventRounds "9"]
[EventCountry "CAN"]
[SourceTitle "CBM 101 Extra"]
[Source "ChessBase"]
[SourceDate "2004.09.01"]
[SourceVersion "2"]
[SourceVersionDate "2004.09.01"]
[SourceQuality "1"]

1. e4 e5 2. Nf3 Nc6 3. Nc3 Nf6 4. d4 exd4 5. Nxd4 Bb4 6. Nxc6 bxc6 7. Bd3 O-O 8. O-O d5 9. exd5 cxd5 10. Bg5 Be6 11. Na4 Be7 12. c3 Qd6 13. Bh4 c5 14. b3 Rad8 15. Qc2 c4 16. Bxf6 cxd3 17. Bxe7 dxc2 18. Bxd6 Rxd6 19. Rac1 Bf5 20. f3 Re8 21. Kf2 Rde6 22. g4 Bd3 23. Nc5 Re2+ 24. Kg3 Bg6 25. h4 h5 26. gxh5 Bh7 27. b4 R8e3 28. Nb3 Rxc3 29. Rfe1 Rxe1 30. Rxe1 Be4 31. Kf4 Rxf3+ 32. Ke5 f6+ 33. Kd4 Rd3+ 34. Kc5 Rd1 0-1

[Event "Quebec op"]
[Site "Montreal CAN"]
[Date "2004.07.22"]
[Round "6"]
[White "Voskanyan, Vahagn"]
[Black "Masse, Hugues"]
[Result "1-0"]
[WhiteElo "2271"]
[BlackElo "2143"]
[PlyCount "93"]
[GameId "2160767911095115"]
[EventDate "2004.07.17"]
[EventType "swiss"]
[EventRounds "9"]
[EventCountry "CAN"]
[SourceTitle "CBM 101 Extra"]
[Source "ChessBase"]
[SourceDate "2004.09.01"]
[SourceVersion "2"]
[SourceVersionDate "2004.09.01"]
[SourceQuality "1"]

1. c4 Nf6 2. Nc3 d5 3. cxd5 Nxd5 4. g3 g6 5. Bg2 Nxc3 6. bxc3 Bg7 7. Rb1 Nd7 8. Nf3 O-O 9. O-O c5 10. c4 Qc7 11. d3 Rb8 12. Bd2 b6 13. a4 Bb7 14. a5 Bc6 15. axb6 axb6 16. Qc1 Ra8 17. Bh6 Ra2 18. Bxg7 Kxg7 19. Qe3 e5 20. Ra1 Rfa8 21. Rxa2 Rxa2 22. Rb1 f6 23. Nd2 Bxg2 24. Kxg2 Qc6+ 25. Kg1 Qa8 26. f4 Ra1 27. Rxa1 Qxa1+ 28. Kg2 Qd4 29. Qf3 exf4 30. gxf4 Qd6 31. Qb7 Kh6 32. Nf3 Qe6 33. Kf2 Qd6 34. Ke1 Kg7 35. Qe4 Kf7 36. h4 Nb8 37. Qb7+ Nd7 38. Qc8 Kg7 39. Kd1 Nf8 40. Qb7+ Nd7 41. Kc2 Qe6 42. Nd2 h6 43. Kd1 g5 44. hxg5 hxg5 45. fxg5 fxg5 46. Nf3 Kg6 47. Qxd7 1-0

[Event "Quebec op"]
[Site "Montreal CAN"]
[Date "2004.07.22"]
[Round "7"]
[White "Audet-Bouchard, Nicolas"]
[Black "Rousseau, Daniel"]
[Result "1-0"]
[WhiteElo "2079"]
[BlackElo "2125"]
[PlyCount "60"]
[GameId "2160767911095116"]
[EventDate "2004.07.17"]
[EventType "swiss"]
[EventRounds "9"]
[EventCountry "CAN"]
[SourceTitle "CBM 101 Extra"]
[Source "ChessBase"]
[SourceDate "2004.09.01"]
[SourceVersion "2"]
[SourceVersionDate "2004.09.01"]
[SourceQuality "1"]

1. e4 e5 2. f4 exf4 3. Bc4 d5 4. Bxd5 Nf6 5. Nc3 Nxd5 6. Nxd5 Qh4+ 7. Kf1 Bd6 8. Nf3 Qh5 9. d4 c6 10. Nxf4 Bxf4 11. Bxf4 O-O 12. Kf2 f6 13. Rf1 g5 14. Bxb8 Rxb8 15. Kg1 Be6 16. Qd3 Rbe8 17. d5 Bd7 18. Qb3 Rf7 19. Qxb7 Bf5 20. Qxc6 Rxe4 21. Rae1 Rf4 22. Qe8+ Kg7 23. Re7 Bg6 24. d6 g4 25. d7 Qc5+ 26. Re3 Re4 27. Rfe1 Rfe7 28. Qc8 Qxe3+ 29. Rxe3 Rxe3 30. d8=Q Re8 1-0

[Event "Quebec op"]
[Site "Montreal CAN"]
[Date "2004.07.22"]
[Round "7"]
[White "Berube, Antoine"]
[Black "Moskvitch, Andrei"]
[Result "0-1"]
[WhiteElo "2104"]
[BlackElo "2142"]
[PlyCount "68"]
[GameId "2160767911095117"]
[EventDate "2004.07.17"]
[EventType "swiss"]
[EventRounds "9"]
[EventCountry "CAN"]

1. d4 d5 2. c4 e6 3. Nc3 c5 4. cxd5 exd5 5. Nf3 Nc6 6. g3 Nf6 7. Bg2 Be7 8. O-O O-O 9. Bg5 cxd4 10. Nxd4 h6 11. Be3 Re8 12. Rc1 Bf8 13. Nxc6 bxc6 14. Na4 Ba6 15. Bf3 Bb5 16. Nc5 Bxc5 17. Rxc5 Ne4 18. Rc1 Qa5 19. a3 Rad8 20. Bxe4 Rxe4 21. Qc2 Qa6 22. Rfe1 Rde8 23. Qc5 Qc8 24. b3 Qh3 25. a4 R8e5 26. axb5 Rh5 27. f4 Qxh2+ 28. Kf1 Qh1+ 29. Bg1 Rh2 30. Qf2 Rxf2+ 31. Kxf2 cxb5 32. Rc8+ Kh7 33. Rc5 Rb4 34. Rc7 a5 0-1

[Event "Quebec op"]
[Site "Montreal CAN"]
[Date "2004.07.22"]
[Round "7"]
[White "Dumouchel, Alain"]
[Black "Rosen, Matthew"]
[Result "0-1"]
[WhiteElo "2101"]
[BlackElo "2069"]
[PlyCount "52"]
[GameId "2160767911095118"]
[EventDate "2004.07.17"]
[EventType "swiss"]
[EventRounds "9"]
[EventCountry "CAN"]

1. e4 c5 2. Nf3 d6 3. d4 cxd4 4. Nxd4 Nf6 5. Nc3 a6 6. f3 e6 7. Be3 b5 8. Qd2 Nbd7 9. g4 Nb6 10. O-O-O Bb7 11. Qf2 Nfd7 12. e5 d5 13. f4 b4 14. f5 bxc3 15. fxe6 cxb2+ 16. Kb1 fxe6 17. Nxe6 Na4 18. Bd4 Qb6 19. Qf5 g6 20. Qf4 Qxe6 21. Bd3 Bc5 22. Bf5 gxf5 23. gxf5 Qb6 24. e6 Bxd4 25. exd7+ Kxd7 26. c3 Nxc3+ 0-1

[Event "Quebec op"]
[Site "Montreal CAN"]
[Date "2004.07.22"]
[Round "7"]
[White "Gagnon, Michel"]
[Black "Zafirov, Stephane"]
[Result "0-1"]
[WhiteElo "2117"]
[BlackElo "2050"]
[PlyCount "56"]
[GameId "2160767911095119"]
[EventDate "2004.07.17"]
[EventType "swiss"]
[EventRounds "9"]
[EventCountry "CAN"]
[SourceTitle "CBM 101 Extra"]
[Source "ChessBase"]
[SourceDate "2004.09.01"]
[SourceVersion "2"]
[SourceVersionDate "2004.09.01"]
[SourceQuality "1"]

1. e4 e5 2. f4 d5 3. exd5 e4 4. Nc3 Nf6 5. d3 Bb4 6. dxe4 Nxe4 7. Qd3 O-O 8. Nge2 Bf5 9. Qc4 Bxc3+ 10. bxc3 Re8 11. Be3 Nf6 12. Qd4 c5 13. dxc6 Nxc6 14. Qc5 Rxe3 15. Qxe3 Nd5 16. Qc1 Qe7 17. Kf2 Re8 18. h3 Ne3 19. Nd4 Nxd4 20. cxd4 Nxc2 21. Rb1 Nxd4 22. Rb2 Be4 23. Rg1 Qh4+ 24. g3 Qh5 25. Qe3 Bc6 26. g4 Qc5 27. Rg3 Rxe3 28. Rxe3 Nc2 0-1

[Event "Quebec op"]
[Site "Montreal CAN"]
[Date "2004.07.22"]
[Round "7"]
[White "Landry, Sylvain"]
[Black "Masse, Hugues"]
[Result "0-1"]
[WhiteElo "2099"]
[BlackElo "2231"]
[PlyCount "128"]
[GameId "2160767911095121"]
[EventDate "2004.07.17"]
[EventType "swiss"]
[EventRounds "9"]
[EventCountry "CAN"]
[SourceTitle "CBM 101 Extra"]
[Source "ChessBase"]
[SourceDate "2004.09.01"]
[SourceVersion "2"]
[SourceVersionDate "2004.09.01"]
[SourceQuality "1"]

1. e4 e5 2. Nf3 Nc6 3. Bc4 Bc5 4. d3 Nf6 5. O-O O-O 6. c3 d6 7. Bb3 a6 8. Nbd2 Ba7 9. Nc4 h6 10. Ne3 Be6 11. Re1 Re8 12. Nd5 Bxd5 13. exd5 Na5 14. Be3 Bxe3 15. Rxe3 Qd7 16. c4 Nxb3 17. axb3 Ng4 18. Re1 f5 19. h3 Nf6 20. b4 g5 21. Qa4 Qg7 22. Kh1 g4 23. Nh4 Qg5 24. g3 Kh7 25. c5 f4 26. cxd6 cxd6 27. b5 fxg3 28. fxg3 gxh3 29. bxa6 bxa6 30. Qb4 Red8 31. Qb7+ Qg7 32. Qxg7+ Kxg7 33. Kh2 Nxd5 34. Kxh3 Kf6 35. Ra4 Rdb8 36. Rg4 Ne7 37. Rf1+ Ke6 38. b4 Rf8 39. Rb1 Rab8 40. Rg7 Rb5 41. Ra1 Rb6 42. Rg4 Rf2 43. d4 exd4 44. Rxd4 Nc6 45. Re1+ Kd7 46. Rg4 Nxb4 47. Rg7+ Kc6 48. Ng6 Nd3 49. Re3 Rd2 50. Ne7+ Kc5 51. Nf5 Rb1 52. Kg4 Rh1 53. Nh4 a5 54. Rc7+ Kb6 55. Rc3 Nc5 56. Nf3 Rd5 57. Re2 Nd7 58. Rb3+ Kc7 59. Nh4 h5+ 60. Kf3 Nc5 61. Ra3 a4 62. Ng6 Rd3+ 63. Rxd3 Nxd3 64. Rd2 Nc5 0-1

[Event "Quebec op"]
[Site "Montreal CAN"]
[Date "2004.07.22"]
[Round "7"]
[White "Laurain, Guy"]
[Black "Trinh, Tri Bao"]
[Result "1-0"]
[WhiteElo "2191"]
[BlackElo "2017"]
[PlyCount "58"]
[GameId "2160767911095122"]
[EventDate "2004.07.17"]
[EventType "swiss"]
[EventRounds "9"]
[EventCountry "CAN"]
[SourceTitle "CBM 101 Extra"]
[Source "ChessBase"]
[SourceDate "2004.09.01"]
[SourceVersion "2"]
[SourceVersionDate "2004.09.01"]
[SourceQuality "1"]

1. e4 d6 2. d4 Nf6 3. Nc3 e5 4. Nf3 exd4 5. Nxd4 Be7 6. Be2 O-O 7. O-O c6 8. Bf3 Na6 9. Re1 Nc5 10. b4 Ne6 11. Nf5 g6 12. Nxe7+ Qxe7 13. Bb2 Nd7 14. Qd2 Ne5 15. Be2 g5 16. Rad1 Rd8 17. Nb1 b5 18. g3 Qf6 19. Qc3 Bb7 20. Nd2 c5 21. bxc5 Nxc5 22. Qe3 a6 23. Ba1 Ne6 24. Nf3 Nxf3+ 25. Bxf3 Qg6 26. Bg4 Rac8 27. Bf5 Qh5 28. Bf6 Rd7 29. h4 gxh4 1-0

[Event "Quebec op"]
[Site "Montreal CAN"]
[Date "2004.07.22"]
[Round "7"]
[White "Libersan, Thierry"]
[Black "Pepin, Christian"]
[Result "1-0"]
[WhiteElo "2016"]
[BlackElo "2156"]
[PlyCount "79"]
[GameId "2160767911095123"]
[EventDate "2004.07.17"]
[EventType "swiss"]
[EventRounds "9"]
[EventCountry "CAN"]

1. e4 c6 2. d4 d5 3. e5 Bf5 4. Nc3 e6 5. g4 Bg6 6. Be3 Bb4 7. h4 h6 8. Bd3 Ne7 9. Nge2 c5 10. Nf4 Bxc3+ 11. bxc3 Bxd3 12. cxd3 cxd4 13. Bxd4 Nec6 14. Nh5 Nxd4 15. cxd4 Qa5+ 16. Qd2 Qxd2+ 17. Kxd2 Nc6 18. Ke3 g6 19. Nf6+ Ke7 20. f4 Rhc8 21. Rab1 b6 22. h5 gxh5 23. Rxh5 Na5 24. Rb2 Rc1 25. Rxh6 Rac8 26. Rbh2 Re1+ 27. Kf2 Ra1 28. Rh8 Rd8 29. Rxd8 Kxd8 30. Rh8+ Kc7 31. Rf8 Rxa2+ 32. Kf3 b5 33. Rxf7+ Kb8 34. g5 Nc6 35. Nd7+ Kc8 36. g6 Nxd4+ 37. Kg3 Ne2+ 38. Kg4 Ra1 39. g7 Rg1+ 40. Kf3 1-0

[Event "Quebec op"]
[Site "Montreal CAN"]
[Date "2004.07.22"]
[Round "7"]
[White "Malette, Martin"]
[Black "Feoktistov, Dmitri"]
[Result "0-1"]
[WhiteElo "2039"]
[BlackElo "2239"]
[PlyCount "36"]
[GameId "2160767911095124"]
[EventDate "2004.07.17"]
[EventType "swiss"]
[EventRounds "9"]
[EventCountry "CAN"]

1. e4 c6 2. d4 d5 3. Nc3 dxe4 4. Nxe4 Bf5 5. Ng3 Bg6 6. h4 h6 7. h5 Bh7 8. Bd3 Bxd3 9. Qxd3 Qc7 10. N1e2 e6 11. Ne4 Nd7 12. Bf4 Qa5+ 13. c3 Ngf6 14. b4 Qd5 15. N2g3 O-O-O 16. Rb1 e5 17. Be3 exd4 18. Bxd4 Nxe4 0-1

[Event "Quebec op"]
[Site "Montreal CAN"]
[Date "2004.07.22"]
[Round "7"]
[White "Marcone, Malcom"]
[Black "Caire, Francois"]
[Result "1-0"]
[WhiteElo "2010"]
[BlackElo "2126"]
[PlyCount "117"]
[GameId "2160767911095125"]
[EventDate "2004.07.17"]
[EventType "swiss"]
[EventRounds "9"]
[EventCountry "CAN"]
[SourceTitle "CBM 101 Extra"]
[Source "ChessBase"]
[SourceDate "2004.09.01"]
[SourceVersion "2"]
[SourceVersionDate "2004.09.01"]
[SourceQuality "1"]

1. d4 Nf6 2. c4 e6 3. Nc3 Bb4 4. f3 O-O 5. a3 Bxc3+ 6. bxc3 d5 7. cxd5 exd5 8. e3 Bf5 9. Ne2 Re8 10. Ng3 Bg6 11. Bd3 c5 12. O-O Nc6 13. Rb1 b6 14. Bxg6 hxg6 15. Qa4 Qd6 16. Rd1 Re6 17. Rxb6 axb6 18. Qxa8+ Kh7 19. Qa6 Na5 20. Qd3 Qe7 21. Re1 Nb3 22. Bb2 c4 23. Qe2 Nh5 24. Nxh5 gxh5 25. e4 f6 26. f4 g6 27. e5 f5 28. Qf3 Qd7 29. Bc1 Nxc1 30. Rxc1 b5 31. g3 Ra6 32. Re1 Qe6 33. Ra1 Kg7 34. Qg2 Kf7 35. Qb2 Ra5 36. Qb4 Qb6 37. Kf2 Ra4 38. Qc5 Qxc5 39. dxc5 d4 40. cxd4 b4 41. c6 b3 42. c7 Ra8 43. Ke2 Rc8 44. Kd2 Rxc7 45. Kc3 Ke6 46. a4 Kd5 47. a5 Rb7 48. a6 b2 49. Rb1 Rb3+ 50. Kc2 Kxd4 51. Rxb2 Rc3+ 52. Kd2 Ra3 53. Rb6 Ra2+ 54. Kd1 c3 55. Rd6+ Kc4 56. e6 Kc5 57. e7 Kxd6 58. e8=Q Rd2+ 59. Kc1 1-0

[Event "Quebec op"]
[Site "Montreal CAN"]
[Date "2004.07.22"]
[Round "7"]
[White "Michaud, Gerald"]
[Black "Leriche, Felix"]
[Result "0-1"]
[WhiteElo "1973"]
[BlackElo "2111"]
[PlyCount "84"]
[GameId "2160767911095126"]
[EventDate "2004.07.17"]
[EventType "swiss"]
[EventRounds "9"]
[EventCountry "CAN"]
[SourceTitle "CBM 101 Extra"]
[Source "ChessBase"]
[SourceDate "2004.09.01"]
[SourceVersion "2"]
[SourceVersionDate "2004.09.01"]
[SourceQuality "1"]

1. d4 d5 2. Nf3 c6 3. e3 Bg4 4. Be2 Nd7 5. Nbd2 e6 6. O-O Bd6 7. b3 f5 8. Bb2 Qf6 9. c4 Nh6 10. Re1 O-O 11. Qc2 Nf7 12. h3 Bxf3 13. Bxf3 g5 14. Nf1 Kh8 15. Qe2 Nh6 16. g3 f4 17. exf4 gxf4 18. g4 Rae8 19. Nh2 e5 20. dxe5 Bxe5 21. Bxe5 Nxe5 22. cxd5 cxd5 23. Qd2 Nhf7 24. Rad1 Ng5 25. Qxd5 Nxh3+ 26. Kg2 Ng5 27. Qd4 Qg7 28. Rxe5 Rxe5 29. Qd7 Nxf3 30. Qxg7+ Kxg7 31. Kxf3 Rf7 32. Rd4 Ra5 33. a4 Rc5 34. Ke4 Rc3 35. Rb4 f3 36. Nf1 Rc2 37. Ke3 Re2+ 38. Kd3 Rd7+ 39. Kc3 Rc7+ 40. Kd3 Rd7+ 41. Kc4 Rc2+ 42. Kb5 Rd5# 0-1

[Event "Quebec op"]
[Site "Montreal CAN"]
[Date "2004.07.22"]
[Round "7"]
[White "Pilotte, Benoit"]
[Black "Gunapalan, David"]
[Result "0-1"]
[WhiteElo "1793"]
[BlackElo "1721"]
[PlyCount "94"]
[GameId "2160767911095127"]
[EventDate "2004.07.17"]
[EventType "swiss"]
[EventRounds "9"]
[EventCountry "CAN"]
[SourceTitle "EXT 2009"]
[Source "ChessBase"]
[SourceDate "2008.11.26"]
[SourceVersion "1"]
[SourceVersionDate "2008.11.26"]
[SourceQuality "1"]

1. d4 Nf6 2. Bg5 c5 3. Nc3 cxd4 4. Qxd4 Nc6 5. Qd2 e6 6. a3 Be7 7. e4 O-O 8. Nf3 h6 9. Bf4 a6 10. e5 Nh7 11. h4 Qa5 12. Bd3 f5 13. exf6 Bxf6 14. Bxh6 Bxc3 15. Bxh7+ Kxh7 16. bxc3 gxh6 17. Rh3 Ne5 18. Nd4 Ng4 19. Qd3+ Kh8 20. O-O-O Qh5 21. Nf3 Qf5 22. Qd4+ e5 23. Nxe5 Qxe5 24. Qxg4 d5 25. Qg6 Qf4+ 26. Re3 Bf5 27. Qb6 Bh7 28. Rxd5 Qa4 29. Qd4+ Qxd4 30. cxd4 Rxf2 31. Rc5 Rxg2 32. d5 Rd8 33. c4 Rf8 34. Kd1 Rf1+ 35. Re1 Bc2+ 36. Kc1 Rxe1+ 37. Kb2 Bd1+ 38. Kc3 Rf1 39. d6 Rf3+ 40. Kb4 Rd3 41. Rc8+ Rg8 42. Rxg8+ Kxg8 43. c5 Kf8 44. Ka5 Rb3 45. a4 Be2 46. h5 Ke8 47. c6 b6# 0-1

[Event "Quebec op"]
[Site "Montreal CAN"]
[Date "2004.07.22"]
[Round "7"]
[White "Plante, Michel"]
[Black "Arsenault, Nicolas"]
[Result "1/2-1/2"]
[WhiteElo "2009"]
[BlackElo "2173"]
[PlyCount "82"]
[GameId "2160767911095128"]
[EventDate "2004.07.17"]
[EventType "swiss"]
[EventRounds "9"]
[EventCountry "CAN"]
[SourceTitle "CBM 101 Extra"]
[Source "ChessBase"]
[SourceDate "2004.09.01"]
[SourceVersion "2"]
[SourceVersionDate "2004.09.01"]
[SourceQuality "1"]

1. d4 Nf6 2. Nf3 g6 3. Nbd2 Bg7 4. e4 O-O 5. Bd3 d6 6. O-O Nbd7 7. c3 e5 8. Re1 Re8 9. d5 Nh5 10. Bf1 Bf8 11. g3 Ng7 12. Bg2 f5 13. c4 a5 14. b3 Nc5 15. Qc2 Be7 16. Bb2 g5 17. h3 h5 18. a3 g4 19. hxg4 hxg4 20. Nh2 Bg5 21. Nhf1 f4 22. b4 axb4 23. axb4 Rxa1 24. Rxa1 Na6 25. gxf4 Bxf4 26. Bc3 Qh4 27. Nb3 Kf7 28. b5 Nc5 29. Nxc5 dxc5 30. Be1 Rh8 31. Ng3 Qh2+ 32. Kf1 Bxg3 33. fxg3 Kg6 34. Qf2 Nh5 35. Ra3 Rh7 36. Qxc5 Rf7+ 37. Bf2 Nxg3+ 38. Rxg3 Qxg3 39. Kg1 Qc3 40. Qe3 Qxe3 41. Bxe3 g3 1/2-1/2

[Event "Quebec op"]
[Site "Montreal CAN"]
[Date "2004.07.22"]
[Round "7"]
[White "Ramaswamy, Kishor"]
[Black "Spicer, Christopher"]
[Result "1-0"]
[WhiteElo "2094"]
[BlackElo "1966"]
[PlyCount "73"]
[GameId "2160767911095129"]
[EventDate "2004.07.17"]
[EventType "swiss"]
[EventRounds "9"]
[EventCountry "CAN"]
[SourceTitle "CBM 101 Extra"]
[Source "ChessBase"]
[SourceDate "2004.09.01"]
[SourceVersion "2"]
[SourceVersionDate "2004.09.01"]
[SourceQuality "1"]

1. d4 Nf6 2. Nf3 e6 3. Bg5 d5 4. Nbd2 Be7 5. e3 O-O 6. Bd3 c5 7. c3 b6 8. Ne5 Bb7 9. f4 Ne4 10. Bxe7 Qxe7 11. O-O f6 12. Nef3 Nd7 13. a4 e5 14. dxe5 fxe5 15. Nxe4 dxe4 16. Bc4+ Kh8 17. Nxe5 Nxe5 18. fxe5 Rxf1+ 19. Qxf1 Rf8 20. Qe2 Qxe5 21. Rf1 Rxf1+ 22. Qxf1 Qf6 23. Qxf6 gxf6 24. Be6 Bc6 25. h3 Kg7 26. Kf2 Kg6 27. Kg3 Kg5 28. h4+ Kh5 29. Bf7+ Kh6 30. Kf4 Bd7 31. Kxe4 Bc6+ 32. Bd5 f5+ 33. Ke5 Bxd5 34. Kxd5 Kh5 35. Ke5 Kg4 36. h5 h6 37. Kf6 1-0

[Event "Quebec op"]
[Site "Montreal CAN"]
[Date "2004.07.22"]
[Round "7"]
[White "Yao, Sammy"]
[Black "Robidas, Francois"]
[Result "1-0"]
[WhiteElo "1939"]
[BlackElo "1959"]
[PlyCount "101"]
[GameId "2160767911095130"]
[EventDate "2004.07.17"]
[EventType "swiss"]
[EventRounds "9"]
[EventCountry "CAN"]
[SourceTitle "CBM 101 Extra"]
[Source "ChessBase"]
[SourceDate "2004.09.01"]
[SourceVersion "2"]
[SourceVersionDate "2004.09.01"]
[SourceQuality "1"]

1. e4 Nf6 2. e5 Nd5 3. d4 d6 4. Nf3 Bg4 5. Be2 e6 6. c4 Nb6 7. b3 Be7 8. Bb2 O-O 9. Nc3 Nc6 10. exd6 cxd6 11. O-O d5 12. c5 Nd7 13. h3 Bxf3 14. Bxf3 Bf6 15. Na4 Qa5 16. Bc3 Qc7 17. Rc1 Qf4 18. g3 Qh6 19. Bd2 g5 20. h4 Nxd4 21. Bg2 Nc6 22. hxg5 Bxg5 23. Qg4 Nde5 24. Qxg5+ Qxg5 25. Bxg5 Nd4 26. Kh1 f6 27. Be3 Nf5 28. Bh3 Ng7 29. Bh6 Rfe8 30. Bxg7 Kxg7 31. f4 Nc6 32. Rfe1 e5 33. Bd7 Re7 34. Bxc6 bxc6 35. fxe5 fxe5 36. Kg2 e4 37. Nc3 e3 38. Rcd1 Rf8 39. Re2 Kg6 40. Rd3 Rfe8 41. Nd1 Kf5 42. Kf3 Re4 43. Rdxe3 Rg8 44. Rxe4 dxe4+ 45. Kf2 Ke5 46. Nc3 Rg4 47. Re3 a5 48. a3 Kd4 49. b4 axb4 50. axb4 h5 51. Rxe4+ 1-0

[Event "Quebec op"]
[Site "Montreal CAN"]
[Date "2004.07.23"]
[Round "7"]
[White "Bachand-Fleurent, Julien"]
[Black "Robichaud, Louis"]
[Result "1/2-1/2"]
[WhiteElo "2075"]
[BlackElo "2080"]
[PlyCount "70"]
[GameId "2160767911095131"]
[EventDate "2004.07.17"]
[EventType "swiss"]
[EventRounds "9"]
[EventCountry "CAN"]
[SourceTitle "CBM 101 Extra"]
[Source "ChessBase"]
[SourceDate "2004.09.01"]
[SourceVersion "2"]
[SourceVersionDate "2004.09.01"]
[SourceQuality "1"]

1. e4 e5 2. Nf3 Nc6 3. d4 exd4 4. Bc4 Bc5 5. O-O Nf6 6. e5 d5 7. exf6 dxc4 8. Re1+ Be6 9. fxg7 Rg8 10. Ng5 Qd5 11. Nc3 Qf5 12. Nce4 O-O-O 13. g4 Qe5 14. Nxe6 fxe6 15. Bh6 d3 16. c3 d2 17. Re2 Rd3 18. Nxc5 Qxc5 19. Rxd2 Ne5 20. Rxd3 cxd3 21. Kg2 Qd5+ 22. Kg3 Nf7 23. Qd2 Qd6+ 24. Kg2 e5 25. g5 Nd8 26. Qe3 Qd5+ 27. f3 Ne6 28. Qe4 Qxe4 29. fxe4 Nxg5 30. Bxg5 Rxg7 31. Rd1 Rxg5+ 32. Kf3 Rh5 33. Kg3 Rg5+ 34. Kf3 Rh5 35. Kg3 Rg5+ 1/2-1/2